Contemporary authors : Cumulative Index / (Record no. 9793)
[ view plain ]
| 000 -LEADER | |
|---|---|
| fixed length control field | 01203nac a22002891u 4500 |
| 090 ## - LOCALLY ASSIGNED LC-TYPE CALL NUMBER (OCLC); LOCAL CALL NUMBER (OCLC) | |
| -- | 9793 |
| 008 - FIXED-LENGTH DATA ELEMENTS--GENERAL INFORMATION | |
| fixed length control field | 080825t xxu||||| |||| 00| 0 eng d |
| 020 ## - INTERNATIONAL STANDARD BOOK NUMBER | |
| International Standard Book Number | 0787690562 : |
| 035 ## - SYSTEM CONTROL NUMBER | |
| System control number | (OCoLC)ocm06921683 |
| 082 0# - DEWEY DECIMAL CLASSIFICATION NUMBER | |
| Classification number | 928.105 |
| Item number | CON |
| 245 10 - TITLE STATEMENT | |
| Title | Contemporary authors : Cumulative Index / |
| Statement of responsibility, etc | Index Cordinator Katy Balcer. |
| 260 ## - | |
| -- | Detroit : |
| -- | Thomson Gale,2005. |
| -- | 2005. |
| 300 ## - PHYSICAL DESCRIPTION | |
| Extent | 628p.; |
| Dimensions | 32 cm. |
| 336 ## - CONTENT TYPE | |
| Source | rdacontent |
| Content type term | text |
| Content type code | txt |
| 337 ## - MEDIA TYPE | |
| Media type term | unmediated |
| Source | rdamedia |
| Media type code | n |
| 338 ## - CARRIER TYPE | |
| Carrier type term | volume |
| Carrier type code | nc |
| Source | rdacarrier |
| 440 ## - | |
| -- | Contemporary authors |
| 500 ## - GENERAL NOTE | |
| General note | Donations. |
| 500 ## - GENERAL NOTE | |
| General note | Donations - AUC. |
| 500 ## - GENERAL NOTE | |
| General note | "Includes citations to entries in: Contemporary authors, Contemporary authors new revision series, Contemporary authors permanent series, Contemporary authors autobiography series, Contemporary authors bibliographical series and numerous other reference works."--Cover |
| 511 ## - | |
| -- | Catalogued by: Sara. |
| 650 ## - SUBJECT ADDED ENTRY--TOPICAL TERM | |
| Topical term or geographic name as entry element | Contemporary authors -- Indexes. |
| 650 ## - SUBJECT ADDED ENTRY--TOPICAL TERM | |
| Topical term or geographic name as entry element | Contemporary authors autobiography series -- Indexes. |
| 650 ## - SUBJECT ADDED ENTRY--TOPICAL TERM | |
| Topical term or geographic name as entry element | Contemporary authors bibliographical series -- Indexes. |
| 700 ## - ADDED ENTRY--PERSONAL NAME | |
| Personal name | Balcer, Katy |
| 942 ## - ADDED ENTRY ELEMENTS (KOHA) | |
| Koha item type | NB - Book (Non borrowing) |
| Call number prefix | 928.105CON |
| Source of classification or shelving scheme | Dewey Decimal Classification |
| Classification part | RDA-MOD |
| Withdrawn status | Lost status | Source of classification or shelving scheme | Damaged status | Not for loan | Home library | Current library | Shelving location | Date acquired | Source of acquisition | Total Checkouts | Full call number | Barcode | Date last seen | Price effective from | Koha item type | Materials specified (bound volume or other part) |
|---|---|---|---|---|---|---|---|---|---|---|---|---|---|---|---|---|
| Dewey Decimal Classification | Central Library | Central Library | Second Floor | 05/06/2008 | Purchase | 928.105 CON | 000011800 | 15/07/2025 | 05/06/2008 | NB - Book (Non borrowing) | ||||||
| Lost | Dewey Decimal Classification | Central Library | Central Library | Second Floor | 08/07/2014 | Purchase | 928.105 CON | 000013060 | 01/07/2011 | 14/07/2008 | NB - Book (Non borrowing) | Lost In Inventory_2015-8-23 | ||||
| Dewey Decimal Classification | Central Library | Central Library | Second Floor | 14/12/2008 | Purchase | 928.105 CON | 000014290 | 15/07/2025 | 14/12/2008 | NB - Book (Non borrowing) |